Dinosaures - Très difficile #1 - Statistiques

Statistiques générales
  • Ce quiz a été pris 27 fois
  • Le résultat moyen est 6 sur 15
Statistiques - réponses
Hint Réponse % Correct
Théropode découvert en Égypte, son nom signifie "Lézard aux dents tranchantes" à cause de ses dents semblables à celles d'un Grand requin blanc. Carcharodontosaurus
85%
Sauropode mesurant entre 9 et 12m, il a notamment inspiré la création des pokémons Amagara et Dragmara. Amargasaurus
65%
Sauropode de 34m de long, découvert aux États-unis, son nom est inspiré du dieu grec des océans et des séismes. Sauroposéidon
60%
Nommez une espèce de Spinosaure. Aegyptiacus/Mirabilis/Maroccanus
55%
Dinosaure de la famille des dromaeosauridae, découvert en France après un feu de forêt. Pyroraptor
45%
Semblable au stégosaure, son nom signifie littéralement "Lézard de la rivière Tuo". Tuojiangosaurus
45%
Genre de dinosaure cité dans une réplique de Claire Dearing dans Jurassic World, son nom signifie littéralement "Imitateur d'oiseau ancien" Archaeornithomimus
40%
Dinosaure au nom le plus long (23 lettres). Micropachycephalosaurus
40%
Dinosaure du genre Masiakasaurus, dont le nom complet fait référence au fondateur d'un groupe de rock ayant notamment joué Sultan of swing, quel est le nom complet de ce dinosaure ? Masiakasaurus knopfleri
35%
Espèce particulière de cératopsien dont la corne nasale était recourbée vers le sol. Einiosaurus
30%
Théropode découvert en Chine, renommé en référence à la présence d'une compagnie de gaz sur l'île sur laquelle il a été découvert. Gasosaurus
30%
Petit dromaeosauridae découvert dans le département numéro 83 en France dont il tire le nom. Variraptor
30%
Théropode dont le préfixe signifie "Ours blanc" en Inupiak. Nanuqsaurus
25%
Ornithomimosaurien découvert en Espagne, connu pour son nombre impressionnant de dents : environ 220. Pelecanimimus
25%
Théropode de la même famille que le premier dinosaure du Quiz, son nom a été baptisé en référence à la pronvince espagnole dans laquelle il a été découvert. Concavenator
20%
Aucun quiz correspondant
Distribution des résultats
% des personnes avec chaque résultat
Percentile par nombre de réponses
Votre historique - résultats
Vous n’avez pas pris ce quiz